Statistics for Post Malone Charting Songs (Billboard Hot 100)

Click here to take the quiz!

General Stats

  • This quiz has been taken 87 times
    (2 since last reset)
  • The average score is 11 of 53

Answer Stats

AlbumWeeks OnPeakArtist(s)Song% Correct
Hollywood's Bleeding61 Weeks#1 (3 Weeks)Post MaloneCircles
100%
beerbongs and bentleys41 Weeks#1 (8 Weeks)Post Malone ft. 21 Savagerockstar
100%
beerbongs and bentleys39 Weeks#1 (1 Week)Post Malone ft. Ty Dolla $ignPsycho
100%
beerbongs and bentleys52 Weeks#3Post MaloneBetter Now
100%
Spiderman: Into the Spider-Verse and Hollywood's Bleeding53 Weeks#1 (1 Week)Post Malone & Swae LeeSunflower
100%
Hollywood's Bleeding6 Weeks#15Post MaloneHollywood's Bleeding
50%
The Fate of the Furious: The Album & beerbongs and bentleys21 Weeks#34Post MaloneCandy Paint
50%
beerbongs and bentleys3 Weeks#20Post Malone ft. G-Eazy & YGSame Bitches
50%
Non-Album Single2 Weeks#65Tyla Yaweh ft. Post MaloneTommy Lee
50%
Hollywood's Bleeding6 Weeks#18Post MaloneSaint-Tropez
50%
Stoney30 Weeks#16Post MaloneI Fall Apart
50%
Hollywood's Bleeding18 Weeks#16Post Malone ft. DaBabyEnemies
50%
Non-Album Single9 Weeks#13Post MaloneMotley Crew
50%
Hollywood's Bleeding44 Weeks#2Post MaloneWow.
50%
Hollywood's Bleeding21 Weeks#3Post Malone ft. Young ThugGoodbyes
50%
Stoney50 Weeks#8Post Malone ft. QuavoCongratulations
50%
Stoney30 Weeks#14Post MaloneWhite Iverson
50%
Stoney2 Weeks#75Post Malone ft. Justin BieberDeja Vu
0%
Featuring Ty Dolla $ign1 Week#53Ty Dolla $ign ft. Post MaloneSpicy
0%
Culture II5 Weeks#52Migos ft. Post MaloneNotice Me
0%
Father of Asahd1 Week#52DJ Khaled ft. Travi$ Scott & Post MaloneCelebrate
0%
Hollywood's Bleeding1 Week#52Post MaloneMyself
0%
Hollywood's Bleeding1 Week#53Post MaloneI Know
0%
Hollywood's Bleeding1 Week#58Post MaloneInternet
0%
Montana3 Weeks#56French Montana ft. Post Malone, Cardi B & RvssianWriting on the Wall
0%
beerbongs and bentleys1 Week#57Post MaloneSugar Wraith
0%
Melodrama1 Week#92Lorde ft. Khalid, Post Malone & SZAHomemade Dynamite
0%
Stoney11 Weeks#76Post MaloneGo Flex
0%
Detroit 22 Weeks#65Big Sean ft. Post MaloneWolves
0%
beerbongs and bentleys1 Week#73Post MaloneJonestown (Interlude)
0%
beerbongs and bentleys2 Weeks#47Post MaloneBlame It On Me
0%
Pokémon 25: The Album1 Week#74Post MaloneOnly Wanna Be with You
0%
The London Sessions19 Weeks#52Tiesto & Dzeko ft. Preme & Post MaloneJackie Chan
0%
beerbongs and bentleys3 Weeks#29Post MaloneTakin' Shots
0%
beerbongs and bentleys2 Weeks#46Post MaloneOtherside
0%
Hollywood's Bleeding4 Weeks#22Post Malone ft. Meek Mill & Lil BabyOn The Road
0%
Hollywood's Bleeding20 Weeks#8Post Malone ft. Ozzy Osbourne & Travi$ ScottTake What You Want
0%
beerbongs and bentleys6 Weeks#11Post MaloneParanoid
0%
beerbongs and bentleys6 Weeks#14Post MaloneRich & Sad
0%
beerbongs and bentleys5 Weeks#15Post Malone ft. Swae LeeSpoil My Night
0%
beerbongs and bentleys14 Weeks#16Post Malone ft. Nicki MinajBall For Me
0%
beerbongs and bentleys4 Weeks#17Post MaloneStay
0%
Hollywood's Bleeding5 Weeks#20Post Malone ft. Future & HalseyDie For Me
0%
beerbongs and bentleys3 Weeks#23Post MaloneZack and Codeine
0%
Khaled Khaled2 Weeks#43DJ Khaled ft. Post Malone, Megan Thee Stallion, Lil Baby & DaBabyI Did It
0%
beerbongs and bentleys3 Weeks#24Post MaloneOver Now
0%
Changes2 Weeks#24Justin Bieber ft. Post Malone & CleverForever
0%
Hollywood's Bleeding3 Weeks#29Post MaloneA Thousand Bad Times
0%
Hollywood's Bleeding2 Weeks#33Post MaloneI'm Gonna Be
0%
Hollywood's Bleeding2 Weeks#34Post Malone ft. SZAStaring at the Sun
0%
Hollywood's Bleeding2 Weeks#37Post MaloneAllergic
0%
beerbongs and bentleys3 Weeks#40Post Malone92 Explorer
0%
Crazy1 Week#97Juice WRLD, Clever & Post MaloneLife's a Mess II
0%

Score Distribution

Percentile by Number Answered

Percent of People with Each Score

Your Score History

You have not taken this quiz since the last reset